Souvenirs sur Jean Jaurès. (Record no. 6906)
[ view plain ]
| 000 -LEADER | |
|---|---|
| fixed length control field | 00751cam a22002171 4500 |
| 001 - CONTROL NUMBER | |
| control field | af 49001254 |
| 003 - CONTROL NUMBER IDENTIFIER | |
| control field | DLC |
| 005 - DATE AND TIME OF LATEST TRANSACTION | |
| control field | 20260227110919.0 |
| 008 - FIXED-LENGTH DATA ELEMENTS--GENERAL INFORMATION | |
| fixed length control field | 870117s1945 fr 000 0 fre |
| 010 ## - LIBRARY OF CONGRESS CONTROL NUMBER | |
| LC control number | af 49001254 |
| 035 ## - SYSTEM CONTROL NUMBER | |
| System control number | (OCoLC)15086069 |
| 040 ## - CATALOGING SOURCE | |
| Original cataloging agency | DLC |
| Transcribing agency | LNT |
| Modifying agency | DLC |
| 050 00 - LIBRARY OF CONGRESS CALL NUMBER | |
| Classification number | DC342.8.J4 |
| Item number | A8 |
| 100 1# - MAIN ENTRY--PERSONAL NAME | |
| Personal name | Auriol, Vincent, |
| Dates associated with a name | 1884-1966. |
| 245 10 - TITLE STATEMENT | |
| Title | Souvenirs sur Jean Jaurès. |
| Remainder of title | Discours prononcé à Alger le 30 juillet 1944 à la manifestation organisée à l'occasion du 30e anniversaire de la mort de Jean Jaures. |
| 260 ## - PUBLICATION, DISTRIBUTION, ETC. | |
| Place of publication, distribution, etc. | Paris, |
| Name of publisher, distributor, etc. | Éditions de la Liberté, |
| Date of publication, distribution, etc. | 1945. |
| 300 ## - PHYSICAL DESCRIPTION | |
| Extent | 22 p. |
| Dimensions | 19 cm. |
| 490 0# - SERIES STATEMENT | |
| Series statement | Pages socialistes, |
| Volume/sequential designation | no. 6 |
| 500 ## - GENERAL NOTE | |
| General note | At head of title: Parti socialiste. |
| 600 10 - SUBJECT ADDED ENTRY--PERSONAL NAME | |
| Personal name | Jaurès, Jean, |
| Dates associated with a name | 1859-1914. |
No items available.